000 01486 a2200409 4500
999 _c200131030
_d30316
001 200131030
003 TR-AnTOB
005 20220801100140.0
008 131217s2006 xxu 000 0
020 _a1933492155 (pbk.)
020 _a9781933492155 (pbk.)
020 _a1933492163 (hardcover)
020 _a9781933492162 (hardcover)
040 _aDLC
_dTR-AnTOB
_cTR-AnTOB
041 _aeng
050 0 0 _aNC730
_b.R63 2006
090 _aNC730 .R63 2006
100 1 _aRobertson, Scott,
_d1966-
_994682
245 1 0 _aLift off :
_bair vehicle sketches & renderings from the drawthrough collection /
_cScott Robertson.
246 3 0 _aAir vehicle sketches and renderings from the drawthrough collection.
264 1 _aCulver City, California :
_bDesign Studio Press,
_c[2006]
264 4 _c©2006
300 _a143 pages:
_billustration(some colourful) ;
_c23 x 28 cm.
336 _2rdacontent
_atext
_btxt
337 _2rdamedia
_aunmediated
_bn
338 _2rdacarrier
_avolume
_bnc
505 _aI.Spaceships -- II.Hovercraft -- III.Game Vehicles -- IV.Aircraft -- V.Lefties -- VI.Airships -- VII.Card Collection.
650 7 _aÇizim
_xTeknik
_2etuturkob
_9137914
650 0 _aDrawing
_xTechnique
_963792
650 0 _aAeronautics in art
_994683
650 0 _aHavacılık, Sanatta
_994686
650 0 _aAirplanes in art
_994685
650 0 _aUçaklar, Sanatta
_994687
650 0 _aSpace vehicles in art
_994684
942 _cBK
_2lcc